00303nam a22001097a 4500008004100000082002100041245005800062260003800120300000800158942001200166999001500178230621b xxu||||| |||| 00| 0 eng d a328.30bCPA 1988 aReport of the Commonwealth Parliamentary Association  aZimbabwebParliament of Zimbwabwe a22p 2ddccBK c2091d2091